<?xml version="1.0" encoding="UTF-8"?>
<record
    xmlns:xsi="http://www.w3.org/2001/XMLSchema-instance"
    xsi:schemaLocation="http://www.loc.gov/MARC21/slim http://www.loc.gov/standards/marcxml/schema/MARC21slim.xsd"
    xmlns="http://www.loc.gov/MARC21/slim">

  <leader>01065cam a2200337 i 4500</leader>
  <controlfield tag="001">1177492</controlfield>
  <controlfield tag="003">YEEZEN</controlfield>
  <controlfield tag="005">20241024151117.0</controlfield>
  <controlfield tag="008">231220s2023    ch ab  g b    000 0 chi d</controlfield>
  <datafield tag="020" ind1=" " ind2=" ">
    <subfield code="a">9786263611832</subfield>
    <subfield code="q">(&#x5E73;&#x88DD;) :</subfield>
    <subfield code="c">NT$450</subfield>
  </datafield>
  <datafield tag="040" ind1=" " ind2=" ">
    <subfield code="a">TWTNM</subfield>
    <subfield code="b">chi</subfield>
    <subfield code="c">TWTNM</subfield>
  </datafield>
  <datafield tag="042" ind1=" " ind2=" ">
    <subfield code="a">nbic</subfield>
  </datafield>
  <datafield tag="084" ind1=" " ind2=" ">
    <subfield code="a">733.9 / 109.9 / 117.4</subfield>
    <subfield code="2">ncsclt</subfield>
  </datafield>
  <datafield tag="090" ind1=" " ind2=" ">
    <subfield code="a">733.9 / 109.9 / 117.4</subfield>
  </datafield>
  <datafield tag="100" ind1="1" ind2=" ">
    <subfield code="a">&#x5F6D;&#x555F;&#x539F;</subfield>
  </datafield>
  <datafield tag="245" ind1="1" ind2="0">
    <subfield code="a">&#x5F9E;&#x524D;&#x5F9E;&#x524D;,&#x6709;&#x5BB6;&#x91D1;&#x6DFC;&#x5BEB;&#x771F;&#x8218; :</subfield>
    <subfield code="b">&#x5433;&#x91D1;&#x6DFC;.&#x5433;&#x91D1;&#x69AE;&#x5144;&#x5F1F;&#x93E1;&#x982D;&#x4E0B;&#x7684;&#x694A;&#x6885;&#x6545;&#x4E8B; /</subfield>
    <subfield code="c">&#x5F6D;&#x555F;&#x539F;&#x64B0;&#x6587; ; &#x5433;&#x91D1;&#x6DFC;, &#x5433;&#x91D1;&#x69AE;&#x651D;&#x5F71;</subfield>
  </datafield>
  <datafield tag="246" ind1="3" ind2="0">
    <subfield code="a">&#x5433;&#x91D1;&#x6DFC;.&#x5433;&#x91D1;&#x69AE;&#x5144;&#x5F1F;&#x93E1;&#x982D;&#x4E0B;&#x7684;&#x694A;&#x6885;&#x6545;&#x4E8B;</subfield>
  </datafield>
  <datafield tag="250" ind1=" " ind2=" ">
    <subfield code="a">&#x521D;&#x7248;</subfield>
  </datafield>
  <datafield tag="260" ind1=" " ind2=" ">
    <subfield code="a">&#x81FA;&#x5317;&#x5E02; :</subfield>
    <subfield code="b">&#x9060;&#x6D41;,</subfield>
    <subfield code="c">2023.09</subfield>
  </datafield>
  <datafield tag="300" ind1=" " ind2=" ">
    <subfield code="a">255&#x9762; :</subfield>
    <subfield code="b">&#x5716;, &#x5730;&#x5716; ;</subfield>
    <subfield code="c">23&#x516C;&#x5206;</subfield>
  </datafield>
  <datafield tag="490" ind1="1" ind2=" ">
    <subfield code="a">&#x65B0;&#x53F0;&#x7063;&#x53F2;&#x8A18; ;</subfield>
    <subfield code="v">14.</subfield>
  </datafield>
  <datafield tag="504" ind1=" " ind2=" ">
    <subfield code="a">&#x53C3;&#x8003;&#x66F8;&#x76EE;: &#x9762;253.</subfield>
  </datafield>
  <datafield tag="650" ind1=" " ind2="7">
    <subfield code="a">&#x4EBA;&#x6587;&#x5730;&#x7406;</subfield>
    <subfield code="2">lcstt.</subfield>
  </datafield>
  <datafield tag="650" ind1=" " ind2="7">
    <subfield code="a">&#x6B77;&#x53F2;</subfield>
    <subfield code="2">lcstt.</subfield>
  </datafield>
  <datafield tag="650" ind1=" " ind2="7">
    <subfield code="a">&#x7167;&#x7247;&#x96C6;</subfield>
    <subfield code="2">lcstt.</subfield>
  </datafield>
  <datafield tag="651" ind1=" " ind2="7">
    <subfield code="a">&#x6843;&#x5712;&#x5E02;&#x694A;&#x6885;&#x5340;</subfield>
    <subfield code="2">lcstt.</subfield>
  </datafield>
  <datafield tag="700" ind1="1" ind2=" ">
    <subfield code="a">&#x5433;&#x91D1;&#x6DFC;</subfield>
  </datafield>
  <datafield tag="700" ind1="1" ind2=" ">
    <subfield code="a">&#x5433;&#x91D1;&#x69AE;</subfield>
  </datafield>
  <datafield tag="830" ind1=" " ind2="0">
    <subfield code="a">&#x65B0;&#x53F0;&#x7063;&#x53F2;&#x8A18; ;</subfield>
    <subfield code="v">14.</subfield>
  </datafield>
  <datafield tag="942" ind1=" " ind2=" ">
    <subfield code="2">ccl</subfield>
    <subfield code="c">BOOK</subfield>
  </datafield>
  <datafield tag="999" ind1=" " ind2=" ">
    <subfield code="c">7609</subfield>
    <subfield code="d">7609</subfield>
  </datafield>
  <datafield tag="952" ind1=" " ind2=" ">
    <subfield code="0">0</subfield>
    <subfield code="1">0</subfield>
    <subfield code="2">ccl</subfield>
    <subfield code="4">0</subfield>
    <subfield code="7">0</subfield>
    <subfield code="a">yeezen</subfield>
    <subfield code="b">yeezen</subfield>
    <subfield code="d">2024-10-24</subfield>
    <subfield code="l">4</subfield>
    <subfield code="m">2</subfield>
    <subfield code="o">733.9 / 109.9 / 117.4</subfield>
    <subfield code="p">C03188</subfield>
    <subfield code="r">2025-07-30 00:00:00</subfield>
    <subfield code="s">2025-07-24</subfield>
    <subfield code="w">2024-10-24</subfield>
    <subfield code="y">BOOK</subfield>
    <subfield code="z">&#x4ED6;&#x5011;&#x7684;&#x4F5C;&#x54C1;&#x9583;&#x8000;&#x8457;&#x6D6A;&#x6F2B;&#x3001;&#x81EA;&#x4FE1;&#x3001;&#x8A69;&#x610F;&#x7684;&#x4EBA;&#x6027;&#x8C61;&#x5FB5;&#x3002; &#x9019;&#x4E9B;&#x7167;&#x7247;&#x4E0D;&#x50C5;&#x662F;&#x651D;&#x5F71;&#x5B78;,&#x66F4;&#x662F;&#x793E;&#x6703;&#x5B78;&#x3001;&#x4EBA;&#x985E;&#x5B78;&#x5171;&#x6709;&#x7684;&#x4EBA;&#x985E;&#x907A;&#x7522;&#x3002;</subfield>
  </datafield>
</record>
